| 000 | 01325cam a2200337 a 4500 | ||
|---|---|---|---|
| 001 | 14658383 | ||
| 003 | OSt | ||
| 005 | 20211111115803.0 | ||
| 008 | 061206s2007 paua bde 000 0 eng | ||
| 010 | _a 2006100615 | ||
| 020 | _a9780768017052 | ||
| 035 | _a(OCoLC)ocm76967206 | ||
| 038 | _akhadija | ||
| 040 |
_aDLC _cDLC _dYDX _dBTCTA _dYDXCP _dOCLCG _dBAKER _dOCLCG _dDLC |
||
| 041 | 1 |
_aeng _hger |
|
| 050 | 0 | 0 |
_aTJ785 _b.L4913 2007 |
| 082 | 0 | 0 |
_a629.25 _222 _bMOD |
| 130 | 0 |
_aLexikon Motorentechnik _lEnglish. _981406 |
|
| 245 | 1 | 0 |
_aModern engine technology _bfrom A to Z / _c[edited by] Richard van Basshuysen and Fred Schäfer, editors. |
| 260 |
_aWarrendale, Pa. : _bSAE International, _cc2007. |
||
| 300 |
_axix, 1047 p. : _bill. (some col.) ; _c24 cm. |
||
| 504 | _aIncludes bibliographical references. | ||
| 563 | _ahard cover | ||
| 650 | 0 |
_aInternal combustion engines _vDictionaries. _981407 |
|
| 650 | 0 |
_aInternal combustion engines _vEncyclopedias. _981408 |
|
| 700 | 1 |
_aVan Basshuysen, Richard, _d1932- _981409 |
|
| 700 | 1 |
_aSchäfer, Fred, _d1948- _981410 |
|
| 906 |
_a7 _bcbc _corignew _d1 _eecip _f20 _gy-gencatlg |
||
| 942 |
_2ddc _cBK |
||
| 999 |
_c32400 _d32400 |
||